Fatal passage (Record no. 116267)
[ view plain ]
| 000 -LEADER | |
|---|---|
| fixed length control field | 00884cam a22002655a 4500 |
| 001 - CONTROL NUMBER | |
| control field | L160188 |
| 008 - FIXED-LENGTH DATA ELEMENTS--GENERAL INFORMATION | |
| fixed length control field | 181102s2002 xxk f 000 0 eng d |
| 020 ## - INTERNATIONAL STANDARD BOOK NUMBER | |
| International Standard Book Number | 9780553814934 |
| 035 ## - SYSTEM CONTROL NUMBER | |
| System control number | (Sirsi) u160188 |
| 041 0# - LANGUAGE CODE | |
| Language code of text/sound track or separate title | eng |
| 050 04 - LIBRARY OF CONGRESS CALL NUMBER | |
| Classification number | 920 MCG |
| 100 1# - MAIN ENTRY--PERSONAL NAME | |
| Personal name | McGoogan, Ken |
| 245 00 - TITLE STATEMENT | |
| Title | Fatal passage |
| Remainder of title | The untold story of Scotsman John Raw, the Arctic adventurer who discover the fate of Franklin |
| 260 ## - PUBLICATION, DISTRIBUTION, ETC. | |
| Place of publication, distribution, etc. | London |
| Name of publisher, distributor, etc. | Bantam Book |
| Date of publication, distribution, etc. | 2018 |
| 300 ## - PHYSICAL DESCRIPTION | |
| Extent | 214p ; 23 cm |
| 520 ## - SUMMARY, ETC. | |
| Summary, etc. | Tells the untold story of John Rae the Arctic Adventurer who discovered the fate of the doomed Franklin Exhibition and located the last navigable link in the Northwest Passage. |
| 590 ## - LOCAL NOTE (RLIN) | |
| Local note | NTK |
| 650 24 - SUBJECT ADDED ENTRY--TOPICAL TERM | |
| Topical term or geographic name entry element | JOHN RAE |
| 650 24 - SUBJECT ADDED ENTRY--TOPICAL TERM | |
| Topical term or geographic name entry element | BIOGRAPHY |
| 650 24 - SUBJECT ADDED ENTRY--TOPICAL TERM | |
| Topical term or geographic name entry element | FRANKLIN EXHIBITION |
| 650 24 - SUBJECT ADDED ENTRY--TOPICAL TERM | |
| Topical term or geographic name entry element | ARCTIC EXPLORERS |
| 651 #4 - SUBJECT ADDED ENTRY--GEOGRAPHIC NAME | |
| Geographic name | United Kingdom |
| 690 ## - LOCAL SUBJECT ADDED ENTRY--TOPICAL TERM (OCLC, RLIN) | |
| Topical term or geographic name as entry element | Hydrography |
| 9 (RLIN) | 6245 |
| 942 ## - ADDED ENTRY ELEMENTS (KOHA) | |
| Suppress in OPAC | 0 |
| Source of classification or shelving scheme | Dewey Decimal Classification |
| Withdrawn status | Lost status | Source of classification or shelving scheme | Damaged status | Not for loan | Home library | Current library | Shelving location | Date acquired | Total Checkouts | Full call number | Barcode | Date last seen | Copy number | Price effective from | Koha item type |
|---|---|---|---|---|---|---|---|---|---|---|---|---|---|---|---|
| Dewey Decimal Classification | London | London | Books | 02/11/2018 | 920 MCG | 30078953 | 06/08/2019 | 1 | 06/08/2019 | Book |